| 000 | 00784cam a22002651 4500 | ||
|---|---|---|---|
| 001 | 9320126 | ||
| 003 | ARRUPE | ||
| 005 | 20140610172410.0 | ||
| 008 | 750811s1953 xx 000 0 eng | ||
| 010 | _a 53034510 | ||
| 015 | _aGB53-9231 | ||
| 035 | _a(OCoLC)1535675 | ||
| 040 |
_aDLC _cFMU _dOCoLC _dUk _dDLC |
||
| 042 | _apremarc | ||
| 050 | 0 | 0 |
_aQL62 _b.D85 1953 |
| 082 | _a579.6 | ||
| 100 | 1 |
_aDurrell, Gerald, _d1925-1995. _910782 |
|
| 245 | 1 | 4 |
_aThe overloaded ark; _cwith illus. by Sabine Baur. |
| 260 |
_aLondon, _bFaber & Faber _c[1953] |
||
| 300 |
_a238 p. _billus. _c23 cm. |
||
| 650 | 0 |
_aZoological specimens _xCollection and preservation. _910783 |
|
| 650 | 0 |
_aZoology _zCameroon. _910784 |
|
| 906 |
_a7 _bcbc _coclcrpl _du _encip _f19 _gy-gencatlg |
||
| 942 |
_2lcc _cSPC |
||
| 999 |
_c120685 _d120685 |
||